| 000 | 00639nam a22002297a 4500 | ||
|---|---|---|---|
| 005 | 20170124110202.0 | ||
| 010 | _aB-315691 | ||
| 020 |
_c£12.99 _a9780141036243 |
||
| 035 | _aB-315691 | ||
| 037 | _bCen Lib/Ret | ||
| 040 |
_aDPL _bEN |
||
| 082 |
_a650.1 _bGLA |
||
| 100 |
_aGladwell, Malcolm _936342 |
||
| 245 |
_aOutliers : _cby Malcolm Gladwell _bthe story of success / |
||
| 260 |
_aLondon _bAllen Lane _c2008 |
||
| 270 |
_a80 Strand _bLondon |
||
| 300 |
_aix,309p. _c21cm(pbk) |
||
| 500 | _aIncludes index | ||
| 650 |
_aSuccessful people _936343 |
||
| 650 |
_aSuccess _917488 |
||
| 942 |
_2ddc _cEN _h650.1 _mGLA |
||
| 999 |
_c132969 _d132969 |
||